Pokémon, die mit J beginnen - Statistiken

Allgemein
  • Dieses Quiz wurde 34 mal gespielt
  • Das Durchschnittsergebnis liegt bei 4 aus 5
Antwortstatistiken
Nr. Typ Name % Korrekt
87 Wasser, Eis Jugong
100%
86 Wasser Jurob
100%
256 Feuer, Kampf Jungglut
62%
385 Stahl, Psycho Jirachi
58%
538 Kampf Jiutesto
50%
Keine übereinstimmenden Quizze gefunden
Verteilung der Resultate
Anzahl Personen mit jedem Resultat
Perzentil nach korrekt beantworteten Fragen
Ihre Resultats-Entwicklung
Sie haben dieses Quiz noch nicht gespielt